Statistics for NHL Goalie All Time Points

Click here to take the quiz!

General Stats

  • This quiz has been taken 12 times
  • The average score is 17 of 30

Answer Stats

PointsTeamAnswer% Correct
47NJDMartin Brodeur
100%
47EDMGrant Fuhr
91%
21PITMarc-Andre Fleury
91%
21ARIMike Smith
91%
45MTL/COLPatrick Roy
91%
31STL/TORCurtis Joseph
82%
19BUFDominik Hasek
82%
34CHI/DALEd Belfour
82%
27NYRHenrik Lundqvist
82%
20LAKJonathan Quick
82%
23FLA/VANRoberto Luongo
82%
20DETChris Osgood
73%
20OTTCraig Anderson
73%
39CGYMike Vernon
73%
33PHIRon Hextall
73%
25CHITony Esposito
73%
48PITTom Barrasso
64%
19TBLAndrei Vasilevski
55%
35NYRJohn Vanbiesbrouck
55%
24EDM/BOSAndy Moog
45%
22DALMarty Turco
45%
24EDMBill Ranford
36%
23NSHTomas Vokoun
36%
23VANKirk McLean
27%
28HFD/PHXSean Burke
18%
28ATL/QUEDan Bouchard
9%
22MNSGiles Meloche
9%
28DALKari Lehtonen
9%
24PITKen Wregget
9%
25TORMike Palmateer
9%

Score Distribution

Percentile by Number Answered

Percent of People with Each Score

Your Score History

You have not taken this quiz